| 000 | 00801nac a22002537a 4500 | ||
|---|---|---|---|
| 001 | BR7100397 | ||
| 003 | BR-BrBNA | ||
| 005 | 20240105113414.0 | ||
| 008 | 230509b bl.|||m| |||| 00| 0 por d | ||
| 040 |
_aBR-BrBNA _bpor _cBiblioteca Nacional de Agricultura |
||
| 072 | _aF70; L30 | ||
| 090 | _a1930 BR7100397 | ||
| 100 | 1 | _aAraujo, A.A. de | |
| 245 | 1 | _aPrincipais gramineas do Rio Grande do Sul (Agrostologia Rio-Grandense)[Taxonomia vegetal; Brasil] | |
| 260 | 3 |
_aPorto Alegre, RS (Brasil): _bSulina, _c1971. |
|
| 300 | _a255 p. | ||
| 490 |
_aColecao Tecnica Rural (Brazil) _v _x |
||
| 650 | _aTaxonomia vegetal | ||
| 650 | _aNutricao animal | ||
| 650 | _aGraminea forrageira | ||
| 650 | _aRio Grande do Sul | ||
| 909 |
_a202312 _bLúcia Elande _c55 _dLúcia Elande |
||
| 942 |
_2AGRIS _n0 _cMS |
||
| 999 |
_c263541 _d263541 |
||